| 000 | 01047cam a2200217 4500 | ||
|---|---|---|---|
| 001 | WB@3612-374 | ||
| 008 | 040727n2004 000 0 eng u | ||
| 035 | _a(Sirsi) u126932 | ||
| 245 | _aSurvey of English housing | ||
| 260 | _c2004 | ||
| 490 |
_aODPM Statistical Release _v(0180) 26 July 2004 (2) |
||
| 520 | _aThe latest "Review of the survey of English housing and related sources" has been released by the Office for National Statistics on behalf of the ODPM. The sample design is intended to produce each year a nationally representative sample of around 20 000 households in England and provides key data on a wide range of housing topics for all housing sectors. For full details see: http://www.statistics.gov.uk/methods_quality/quali ty_review/environment.asp. http://www.odpm.gov.uk/pns/DisplayPN.cgi?pn_id=200 4_0180 | ||
| 590 | _aWB | ||
| 590 | _aWB | ||
| 650 | _aSURVEY OF ENGLISH HOUSING | ||
| 650 | _aHOUSING STATISTICS | ||
| 650 | _aHOUSING | ||
| 650 | _aENGLISH HOUSING SURVEY | ||
| 690 | _aHOUSING | ||
| 942 | _n0 | ||
| 999 |
_c117774 _d117774 |
||